000 00570nam a2200229Ia 4500
003 OSt
005 20221005123140.0
006 a|||||r|||| 00| 0
007 ta
008 221004b |||||||| |||| 00| 0 mar d
024 _a60153
037 _cTextual
040 _aCRL
_cCRL
_bmar
041 _2mar
_amar
082 _aO155,2M71,12, K1
100 _aKahandikal
_9633220
245 0 _aKrishanji
260 _c1961
650 _aMARATHI LITERATURE
_938000
942 _hO155,2M71,12, K1
_cTEXL
_2cc
999 _c1046530
_d1046530